| 000 | 00592nam a22001937a 4500 | ||
|---|---|---|---|
| 003 | OSt | ||
| 005 | 20151026134202.0 | ||
| 008 | 130522s2010 sp ||||| |||| 00| 0 spa d | ||
| 020 | _a9788430951109 | ||
| 040 | _cCDMR | ||
| 100 | 1 |
_93481 _aRosendo Klecker, Belén de |
|
| 245 | 1 | 3 |
_aEl perfil periodístico _b: claves para caracterizar personas en prensa _cBelén Rosendo Klecker |
| 260 |
_aMadrid _bTecnos _c2010 |
||
| 300 | _a271 p. | ||
| 650 | 0 | 4 |
_93158 _aPeriodisme _xLlenguatge |
| 650 | 0 | 4 |
_93086 _aPeriodisme _xManuals d'estil |
| 650 | 0 | 4 |
_93772 _aPeriodisme--Manuals d'estil |
| 942 |
_2udc _cMON |
||
| 999 |
_c6290 _d6290 |
||